[Event "Team Match 2nd"]
[Site "San Francisco"]
[Date "1999.03.30"]
[Round "7"]
[White "Margulis, Isaak"]
[Black "Keatinge Clay, Adrian"]
[Result "1-0"]
[WhiteElo "2270"]
[BlackElo "2295"]

1.e4 c5 2.Nf3 Nc6 3.Nc3 Nf6 4.Bb5 g6 5.e5 Nh5 6.Bxc6 dxc6 7.h3 Nf4 8.d3 Ne6
9.O-O Bg7 10.Re1 O-O 11.Ne4 b6 12.Neg5 Qd5 13.Nxe6 Bxe6 14.Bg5 Rfe8 15.Qd2 Rad8
16.b3 Bxh3 17.Qf4 Bc8 18.Qh4 f6 19.exf6 exf6 20.Bxf6 Bxf6 21.Qxf6 Rf8 22.Qh4 Rde8
23.Ng5 Qd7 24.Ne4 Re6 25.Re3 Qg7 26.Rae1 Kh8 27.Ng5 Rxe3 28.Rxe3 Bf5 29.g4 Bc8
30.Rh3 h5 31.Ne4 Kg8 32.Re3 Bxg4 33.Kg2 Qe5 34.Qg5 Qxg5 35.Nxg5 Rd8 36.Kg3 Bd1
37.Re6 Rd5 38.Rxg6+ Kf8 39.f4 Bxc2 40.Rxc6 Bb1 41.Rc7 Bxa2 42.Nh7+ Ke8 43.Nf6+ Kd8
44.Nxd5  1-0

[Event "BEL-chT9899"]
[Site "Antwerp"]
[Date "1999.03.??"]
[Round "9"]
[White "Penson, Thierry"]
[Black "Peek, Marcel"]
[Result "1/2-1/2"]
[WhiteElo "2275"]
[BlackElo "2335"]

1.e4 c5 2.Ne2 Nc6 3.Nbc3 d6 4.g3 g6 5.Bg2 Bg7 6.O-O e6 7.a3 Rb8 8.b4 b6 9.b5 Nd4
10.Nxd4 cxd4 11.Na2 a5 12.bxa6 Bxa6 13.Re1 Ne7 14.Nb4 Bb7 15.Bb2 O-O 16.c4 dxc3
17.Bxc3 Bxc3 18.dxc3 Qc7 19.Re3 Nc6 20.Rd3 Rfd8 21.Nxc6 Qxc6 22.Qd2  1/2-1/2

[Event "BEL-chT9899"]
[Site "Antwerp"]
[Date "1999.03.??"]
[Round "10"]
[White "Penson, Thierry"]
[Black "Luminet, Denis"]
[Result "1/2-1/2"]
[WhiteElo "2275"]
[BlackElo "2285"]

1.e4 c5 2.Ne2 Nc6 3.Nbc3 d6 4.g3 g6 5.Bg2 Bg7 6.a3 e5 7.Nd5 Nge7 8.Nec3 O-O
9.d3 Nxd5 10.Nxd5 Ne7 11.Nxe7+ Qxe7 12.O-O Be6 13.f4  1/2-1/2

[Event "Hessen-ch"]
[Site "Baunatal"]
[Date "1999.04.02"]
[Round "10"]
[White "Kersten, Uwe"]
[Black "Ballo, Emanuel"]
[Result "1-0"]
[WhiteElo "2383"]
[BlackElo "2189"]

1.e4 c5 2.Nf3 Nc6 3.Nc3 d6 4.d4 cxd4 5.Nxd4 Nf6 6.Bc4 e6 7.Be3 Be7 8.Bb3 O-O
9.f4 Nxd4 10.Qxd4 e5 11.Qd2 exf4 12.Bxf4 Be6 13.O-O-O Bxb3 14.axb3 Qa5 15.Kb1 Rfd8
16.Rhf1 Rac8 17.Qd3 Rc6 18.b4 Qxb4 19.e5 Ra6 20.exf6 Bxf6 21.Be3 Rc8 22.Rxf6 Qa5
23.Kc1 gxf6 24.Nd5 Qd8 25.Qf5 Ra1+ 26.Kd2 Rxd1+ 27.Kxd1 Kg7 28.Bd4 Kf8 29.Bxf6  1-0

[Event "Dreifluesse op 7th"]
[Site "Passau"]
[Date "1999.04.02"]
[Round "1"]
[White "Hoepfl, Thomas"]
[Black "Reinartz, Ulrich"]
[Result "1-0"]
[WhiteElo "2221"]
[BlackElo "1798"]

1.e4 c5 2.Nf3 Nc6 3.Nc3 d6 4.d4 cxd4 5.Nxd4 Qb6 6.Nb3 Nf6 7.Be3 Qd8 8.f3 e5
9.Qd2 Be6 10.O-O-O a6 11.g4 Be7 12.Nd5 O-O 13.Nxe7+ Qxe7 14.Qxd6 Qxd6 15.Rxd6 Bxb3
16.axb3 Rfd8 17.Rxd8+ Rxd8 18.Be2 Nd4 19.Bxd4 Rxd4 20.Rd1 Rxd1+ 21.Kxd1 h5
22.h3 Kf8 23.Kd2 Ke7 24.Ke3 g5 25.b4 hxg4 26.fxg4 Ne8 27.Bc4 Nd6 28.Bd5 b6
29.c4 Ne8 30.c5 b5 31.Bb7 Nc7 32.Kf3 Kf6 33.h4 gxh4 34.Kg2 Kg6 35.Bd5 f6
36.Bb7 Kh6 37.Kh3 Kg5 38.b3 Kh6 39.Kxh4 Kg6 40.g5 fxg5+ 41.Kg4 Kf6 42.Kh5 g4
43.Kxg4 Kg6 44.Bc8 Kf6 45.Kh5 Ke7 46.Kg6 Kd8 47.Bb7 Ke7 48.Kf5 Kd7 49.Kxe5 Ke7
50.c6 Kd8 51.Kd6 Ne8+ 52.Kc5 Kc7 53.e5 Ng7 54.Bxa6 Ne6+ 55.Kd5 Nf4+ 56.Ke4 Ne6
57.Bxb5 Kb6 58.Bc4 Nd8 59.Bd5 Kc7 60.e6 Kd6 61.b5  1-0

[Event "Dreifluesse op 7th"]
[Site "Passau"]
[Date "1999.04.03"]
[Round "3"]
[White "Gipslis, Aivars"]
[Black "Rudolph, Peter"]
[Result "1/2-1/2"]
[WhiteElo "2470"]
[BlackElo "2205"]

1.e4 c5 2.Nf3 Nc6 3.Nc3 e6 4.Bb5 Nd4 5.O-O a6 6.Bd3 d6 7.Nxd4 cxd4 8.Ne2 e5
9.f4 Nf6 10.Ng3 Be7 11.Qf3 Bg4 12.Qf2 Bd7 13.h3 O-O 14.b3 Rc8 15.Bb2 Ne8
16.c3 dxc3 17.Bxc3 f6 18.Bc4+ Kh8 19.Bd5 Nc7 20.Bxb7 Rb8 21.Bd5 Nxd5 22.exd5 Rb5
23.fxe5 dxe5 24.Qf3 Bc8 25.Nf5 Bxf5 26.Qxf5 Qxd5 27.Rae1 Bc5+ 28.Kh1 Bd4
29.Qe4 Rd8 30.Bxd4 Qxd4 31.Qxd4 Rxd4 32.Rc1 Kg8 33.Rc8+ Kf7 34.Rc7+ Ke6 35.Rf2 Rd7
36.Rc6+ Rd6 37.Rc7 Ra5 38.Rxg7 Rxa2 39.Rxh7 Rdxd2 40.Rxd2 Rxd2 41.Ra7 Rd6
42.g4 e4 43.Kg2 Ke5 44.Kg3 Rd3+ 45.Kg2 Rd6 46.Kg3 Rd3+ 47.Kg2  1/2-1/2

[Event "Dreifluesse op 7th"]
[Site "Passau"]
[Date "1999.04.03"]
[Round "4"]
[White "Wichert, Joerg"]
[Black "Drexel, Michael"]
[Result "0-1"]
[WhiteElo "2023"]
[BlackElo "2200"]

1.e4 c5 2.Nf3 Nc6 3.Nc3 Nf6 4.d4 cxd4 5.Nxd4 d6 6.Bc4 e6 7.Be3 Be7 8.Qe2 O-O
9.O-O-O Qc7 10.Ndb5 Qb8 11.f4 a6 12.Nxd6 Bxd6 13.e5 Nxe5 14.fxe5 Bxe5 15.Bd4 Bf4+
16.Kb1 e5 17.Bc5 Bg4 18.Qf2 Rc8 19.g3 Qc7 20.b4 b6 21.Nd5 Nxd5 22.Bxd5 bxc5
23.Bxa8 Bxd1 24.Rxd1 Rxa8 25.gxf4 cxb4 26.fxe5 Qxe5 27.Re1 Qc7 28.h4 Rc8
29.h5 h6 30.Qf5 a5 31.Rd1 Qc3 32.Rd7 Qe1+ 33.Kb2 Qc3+ 34.Kb1 a4 35.Qxf7+ Kh8
36.Qg6 b3  0-1

[Event "Dreifluesse op 7th"]
[Site "Passau"]
[Date "1999.04.04"]
[Round "5"]
[White "Preusser, Raimund"]
[Black "Meissner, Steffen"]
[Result "1-0"]
[WhiteElo "2066"]
[BlackElo "1841"]

1.e4 c5 2.Nf3 Nc6 3.Nc3 d6 4.d4 cxd4 5.Nxd4 e5 6.Nb3 a6 7.Bc4 Nf6 8.Be3 Be7
9.f3 Be6 10.Bd5 Qc7 11.Qd2 Rc8 12.Qf2 b5 13.O-O-O Bxd5 14.Bb6 Qb7 15.exd5 Nb4
16.Na5 Qa8 17.Qd2 Nxc2 18.Qxc2 b4 19.Qa4+ Kf8 20.Qxb4 Nxd5 21.Qb3 Nxc3 22.bxc3 g6
23.Be3 Kg7 24.Kc2 Rb8 25.Qd5 Rb5 26.Qxa8 Rxa8 27.Nc6  1-0

[Event "Dreifluesse op 7th"]
[Site "Passau"]
[Date "1999.04.04"]
[Round "5"]
[White "Chocholka, Klaus Juergen"]
[Black "Hapala, Michaela"]
[Result "1-0"]
[WhiteElo "1800"]
[BlackElo "1807"]

1.e4 c5 2.Nf3 Nc6 3.Nc3 g6 4.g3 Bg7 5.Bg2 Nf6 6.d3 O-O 7.O-O d5 8.exd5 Nxd5
9.Nxd5 Qxd5 10.Re1 Bg4 11.h3 Bxf3 12.Bxf3 Qd7 13.Bxc6 bxc6 14.Kh2 Qf5 15.Qe2 Bd4
16.f3 Rfe8 17.Rb1 Rab8 18.b3 Qd5 19.Bd2 Rbd8 20.Rbd1 Bg7 21.a4 e5 22.Be3 f5
23.Bf2 Bf8 24.Bg1 Re6 25.Bf2 Rde8 26.Kg2 Qd7 27.Qd2 Qc7 28.Qc3 Qe7 29.Qc4 Kh8
30.Qc3 Kg8 31.Qc4 Qd6 32.Qa6 Qe7 33.Qc4 Kh8 34.Qc3 h5 35.Re2 Kh7 36.Rde1 Rb8
37.Rxe5 Rxe5 38.Qxe5 Re8 39.Qxe7+ Rxe7 40.Rxe7+ Bxe7 41.f4 Kg7 42.d4 a6 43.dxc5 Kf7
44.Kf3 Ke6 45.c4 Kd7 46.b4 Kc7 47.Ke2 Kb7 48.Kd3 Bd8 49.Bd4 h4 50.gxh4 Bxh4
51.Be5 Be1 52.b5 Bg3 53.Bd6 Bf2 54.Be7 Bg1 55.Ke2 Bd4 56.Kf3 Bc3 57.Ke3 Bb4
58.Kd4 Bd2 59.Ke5 Bc1 60.Bd6 g5 61.Kxf5 gxf4 62.Bxf4 Ba3 63.Bd6  1-0

[Event "Dreifluesse op 7th"]
[Site "Passau"]
[Date "1999.04.04"]
[Round "6"]
[White "Polzin, Rainer"]
[Black "Zezulkin, Jurij"]
[Result "1/2-1/2"]
[WhiteElo "2443"]
[BlackElo "2473"]

1.e4 c5 2.Nc3 Nc6 3.Nf3 g6 4.d4 cxd4 5.Nxd4 Bg7 6.Be3 Nf6 7.Bc4 Qa5 8.O-O O-O
9.Nb3 Qd8 10.Re1 d6 11.Qd2 Ng4 12.Bg5 Be6 13.Bf1 a5 14.h3 Nge5 15.Be3 Bc4
16.Bh6 Bxh6 17.Qxh6 Bxf1 18.Rxf1 a4 19.Nd2 Qb6 20.Nd5 Qxb2 21.Rab1 Qxc2 22.Rxb7 f6
23.Rc7 Rf7 24.Nb4 Qc5 25.Nxc6 Nxc6 26.Rb1 Rff8 27.Nf3 Rac8 28.Rc1 Rxc7 29.Rxc5 dxc5
30.Qc1 Nd8 31.Qc4+ Kg7 32.Nd4 e5 33.Nb5 Rd7 34.Nc3 Rd4 35.Qa6 Nf7 36.Nd5 Ng5
37.f3 Rd1+ 38.Kh2 Rd2 39.Kg3 f5 40.exf5 gxf5 41.f4 Rf7 42.fxg5 Rxd5 43.Qh6+ Kg8
44.Qe6 Rd3+ 45.Kh2 e4 46.h4 Rd7 47.Qe8+ Kg7 48.Qe5+ Kg8 49.Qxc5 Rfe7 50.Qc8+ Kg7
51.Qc3+ Kg8 52.Qc8+ Kf7 53.Qh8 e3 54.Qxh7+ Ke6 55.Qg6+ Ke5 56.Qf6+ Ke4 57.Qc6+ Kd3  1/2-1/2

[Event "Dreifluesse op 7th"]
[Site "Passau"]
[Date "1999.04.04"]
[Round "6"]
[White "Derix, Bernhard"]
[Black "Reinartz, Ulrich"]
[Result "1-0"]
[WhiteElo "1855"]
[BlackElo "1798"]

1.e4 c5 2.Nf3 Nc6 3.Nc3 d6 4.d4 cxd4 5.Nxd4 Nf6 6.Be2 g6 7.Be3 Bg7 8.Qd2 O-O
9.O-O-O Ng4 10.Bxg4 Bxg4 11.f3 Bd7 12.Nxc6 Bxc6 13.Bh6 Qa5 14.Bxg7 Kxg7 15.h4 b5
16.h5 b4 17.hxg6 fxg6 18.Qh6+ Kf7 19.Qxh7+ Ke6 20.Qxg6+ Kd7 21.Rxd6+ exd6
22.Rh7+ Kc8 23.Qxd6  1-0

[Event "St Petersburg-ch"]
[Site "St Petersburg"]
[Date "1999.04.06"]
[Round "1"]
[White "Sepman, Yelius"]
[Black "Kochyev, Alexander"]
[Result "1/2-1/2"]
[WhiteElo "2138"]
[BlackElo "2428"]

1.e4 c5 2.Nc3 Nc6 3.Nf3 e6 4.g3 Nf6 5.Bg2 d5 6.d3 dxe4 7.Nxe4 Nxe4 8.dxe4 Qxd1+
9.Kxd1 b6 10.c3 Ba6 11.Kc2 O-O-O 12.Rd1 Rxd1 13.Kxd1 Be7 14.Bf4 Rd8+  1/2-1/2

[Event "Hampstead GM 5th"]
[Site "London"]
[Date "1999.04.07"]
[Round "1"]
[White "Hector, Jonny"]
[Black "Ansell, Simon"]
[Result "1-0"]
[WhiteElo "2542"]
[BlackElo "2400"]

1.e4 c5 2.Nf3 Nc6 3.Nc3 g6 4.d4 cxd4 5.Nxd4 Bg7 6.Be3 Nf6 7.Bc4 O-O 8.Bb3 Qa5
9.O-O d6 10.h3 Bd7 11.f4 Rac8 12.Nf3 Rfd8 13.Qe1 Be8 14.Rd1 Nd7 15.Rd5 Qc7
16.Qh4 Nf8 17.Rd2 e6 18.f5 Qe7 19.fxe6 Nxe6 20.Ng5 h6 21.Nd5 Qxg5 22.Bxg5 hxg5
23.Qf2 Kh8 24.Nf6 Nf4 25.Nxe8 Rxe8 26.Bd5 Bxb2 27.Bxc6 Rxc6 28.Qxa7 Bc3 29.Qxb7 Rc4
30.Rd3 Bg7 31.Qxf7 Rcxe4 32.Rxf4 gxf4 33.Qxg6 f3 34.Qh5+ Kg8 35.Qxf3 Re1+
36.Kh2 Be5+ 37.g3 Rf8 38.Qg4+ Kh8 39.Rf3  1-0

[Event "Budapest FS04 ELO"]
[Site "Budapest"]
[Date "1999.04.08"]
[Round "6"]
[White "Lakat, Gyula"]
[Black "Dembo, Yelena"]
[Result "0-1"]
[WhiteElo "2062"]
[BlackElo "2180"]

1.e4 c5 2.Nf3 Nc6 3.Nc3 d6 4.d4 cxd4 5.Nxd4 Nf6 6.Be2 e6 7.O-O Be7 8.Kh1 O-O
9.f4 Qc7 10.Be3 a6 11.a4 Bd7 12.Qd2 b6 13.Bf3 Rab8 14.g4 Nxd4 15.Bxd4 e5
16.Bg1 Bxg4 17.Bxg4 Nxg4 18.Nd5 Qd8 19.Rad1 Nf6 20.Nxe7+ Qxe7 21.Qxd6 Qb7
22.Rfe1 exf4 23.Qxf4 Rbe8 24.Rd2 Nxe4 25.Rg2 f6 26.Bd4 Ng5 27.Rxe8 Rxe8 28.h4 Nf3
29.Rxg7+ Qxg7 30.Qxf3 Re1+ 31.Kh2 Qc7+ 32.Kh3 Qd7+ 33.Kg2 Qe6 34.Qg3+ Kf7
35.Qc7+ Qe7 36.Qc4+ Kg7 37.Qd3 Qe2+ 38.Qxe2 Rxe2+ 39.Kf3 Rxc2 40.Kg4 Rc4  0-1

[Event "Budapest FS04 ELO"]
[Site "Budapest"]
[Date "1999.04.09"]
[Round "7"]
[White "Dembo, Yelena"]
[Black "Dekany, Lajos"]
[Result "1/2-1/2"]
[WhiteElo "2180"]
[BlackElo "2187"]

1.e4 c5 2.Nf3 Nc6 3.Nc3 d6 4.d4 cxd4 5.Nxd4 Nf6 6.Bc4 Qb6 7.Nb3 e6 8.O-O a6
9.Be3 Qc7 10.Bd3 b5 11.a3 Bb7 12.Kh1 Be7 13.f4 Rd8 14.Qf3 h5 15.Rae1 Kf8
16.Nd4 h4 17.Qh3 Kg8 18.Kg1 Nxd4 19.Bxd4 e5 20.Be3 exf4 21.Bxf4 Bc8 22.Qf3 Be6
23.Be3 Qb7 24.Bd4 Rh6 25.Be3 Rh8 26.Bd4 Rh6  1/2-1/2

[Event "Hampstead IM-A 5th"]
[Site "London"]
[Date "1999.04.13"]
[Round "7"]
[White "Naylor, John"]
[Black "Bekker Jensen, David"]
[Result "1/2-1/2"]
[WhiteElo "2243"]
[BlackElo "2263"]

1.e4 c5 2.Nc3 Nc6 3.Nf3 e5 4.Bc4 Be7 5.d3 Nf6 6.Nd2 O-O 7.Nf1 d6 8.Ne3 Rb8
9.Ned5 Nxd5 10.Nxd5 Bg5 11.a4 Be6 12.O-O Bxc1 13.Rxc1 Ne7 14.Nxe7+ Qxe7 15.c3 Qd7
16.Qb3 Rfe8 17.Rfd1 Rbd8 18.f3 h6 19.d4 Bxc4 20.Qxc4 cxd4 21.cxd4 d5 22.exd5 Qxd5
23.Qxd5 Rxd5 24.dxe5 Rexe5 25.Kf2  1/2-1/2

[Event "Budapest FS04 GM"]
[Site "Budapest"]
[Date "1999.04.14"]
[Round "12"]
[White "Nguyen Anh Dung"]
[Black "Salmensuu, Olli"]
[Result "1-0"]
[WhiteElo "2485"]
[BlackElo "2449"]

1.e4 c5 2.Nf3 Nc6 3.Nc3 g6 4.d4 cxd4 5.Nxd4 Bg7 6.Be3 Nf6 7.Bc4 Qa5 8.O-O O-O
9.Bb3 d6 10.h3 Bd7 11.Qd3 Rad8 12.Rad1 Nxd4 13.Bxd4 Bc6 14.Rfe1 Rfe8 15.Qe3 b6
16.Nd5 Bxd5 17.exd5 Nd7 18.Bxg7 Kxg7 19.Rd4 Qc5 20.Qd2 Nf6 21.Re3 b5 22.Rc3 Qb6
23.Rc6 Qb7 24.Qa5 Rc8 25.Ra6 Rc7 26.Rb4 Rb8 27.a4 Nd7 28.axb5 Nb6 29.Rh4 Rbc8
30.Qd2 h5 31.Qd3 Rc5 32.Rd4 Qd7 33.Ra1 Rxb5 34.Re1 Rbc5 35.Rde4 R8c7 36.g4 h4
37.Rf4 Qb5 38.Qf3 f6 39.Re6 Kg8 40.Qe4 Kf7 41.g5 f5 42.Rxg6 Qd7 43.Rxf5+  1-0

[Event "BL2-S9899"]
[Site "Germany"]
[Date "1999.04.18"]
[Round "9.3"]
[White "Schmidt, Georg"]
[Black "Goetz, Ralph"]
[Result "1/2-1/2"]
[WhiteElo "2225"]
[BlackElo "2285"]

1.e4 c5 2.Nf3 Nc6 3.Nc3 e5 4.g3 Nge7 5.Bg2 d6 6.O-O g6 7.d3 Bg7 8.Nd2 O-O
9.Nc4 h6 10.f4 Nd4 11.Ne3 exf4  1/2-1/2

[Event "BL2-N9899"]
[Site "Germany"]
[Date "1999.04.18"]
[Round "9.6"]
[White "Sebastian, Dirk"]
[Black "Dimitrijeski, Boris"]
[Result "1-0"]
[WhiteElo "2270"]
[BlackElo "2190"]

1.e4 c5 2.Nc3 Nc6 3.Nge2 Nf6 4.d4 cxd4 5.Nxd4 e5 6.Ndb5 d6 7.Bg5 a6 8.Na3 b5
9.Bxf6 gxf6 10.Nd5 f5 11.Bd3 Be6 12.Qh5 Rg8 13.g3 f4 14.c3 Rg6 15.Qe2 b4
16.Nc4 Bh6 17.Qc2 bxc3 18.bxc3 Ne7 19.Ncb6 Rb8 20.Rb1 Kf8 21.Nxe7 Kxe7 22.Nd5+ Bxd5
23.exd5 Rxb1+ 24.Qxb1 Rg5 25.O-O Qd7 26.Bxa6 Rh5 27.Be2 Rg5 28.Qxh7 Qh3 29.Rb1 Rg7
30.Qd3 fxg3 31.fxg3 f5 32.Rb7+ Kf8 33.Rxg7 Kxg7 34.Qf3 Kf6 35.a4 e4 36.Qh5 Qxh5
37.Bxh5 Bd2 38.c4 Ke5 39.Be2 f4 40.gxf4+ Kxf4 41.h4 Bb4 42.Kf2 Bc5+ 43.Kf1 Bb6
44.h5 Kg5 45.Kg2 Kf5 46.Kg3 Kg5 47.Kg2 Kf5 48.Kf1 Kf6 49.Ke1 Ke5 50.Kd2 Ba5+
51.Kc2 Be1 52.h6 Kf6 53.Bh5 e3 54.Kd3 Bd2 55.Ke2 Bc3 56.Kxe3 Kg5 57.Kd3 Bf6
58.a5 Kxh6 59.a6  1-0

[Event "St Quentin op"]
[Site "St Quentin"]
[Date "1999.04.22"]
[Round "6"]
[White "Rue, David"]
[Black "Shirazi, Kamran G"]
[Result "0-1"]
[WhiteElo "2153"]
[BlackElo "2403"]

1.e4 c5 2.Nc3 Nc6 3.Bb5 Nd4 4.Bd3 e6 5.Nce2 Nc6 6.c3 Nf6 7.f4 c4 8.Bc2 d5
9.e5 Ne4 10.Nf3 Bc5 11.Ned4 f6 12.Qe2 f5 13.b3 Qb6 14.Bb2 Bd7 15.Rb1 Bxd4
16.Nxd4 Nxd4 17.cxd4 Bb5 18.bxc4 Bxc4 19.d3 Qb4+ 20.Kd1 Bxa2 21.dxe4 Bxb1
22.Bxb1 fxe4 23.Rf1 O-O 24.g4 Rac8 25.f5 Rc4 26.f6 Rfc8 27.Qd2 gxf6 28.exf6 Qxd2+
29.Kxd2 Kf7 30.g5 Rb4 31.Ba3 Rb3 32.Bd6 Rcc3 33.Bc2 e3+ 34.Kc1 Rc4 35.Re1 a5
36.Kd1 Rxd4+ 37.Kc1 Rc4 38.Kd1 Rb2 39.Bxh7 Rd2+  0-1

[Event "ISR-chT"]
[Site "Israel"]
[Date "1999.04.23"]
[Round "9"]
[White "Birnboim, Nathan"]
[Black "Roiz, Michael"]
[Result "1/2-1/2"]
[WhiteElo "2390"]
[BlackElo "2355"]

1.e4 c5 2.Nf3 Nc6 3.Nc3 g6 4.Bb5 Bg7 5.O-O Nf6 6.e5 Ng4 7.Ng5 Nh6 8.f4 O-O
9.d3 d6 10.Kh1 Kh8 11.Bxc6 bxc6 12.Qe1 f6 13.Nf3 Bg4 14.Ne4 fxe5 15.fxe5 Bxf3
16.gxf3 Rf5 17.f4 Qd7 18.Bd2 dxe5 19.fxe5 Raf8 20.Qe2 Ng4 21.Nxc5 Qd5+ 22.Ne4 Bxe5
23.Rxf5 gxf5 24.c4 Qf7 25.Nf2 Nxf2+ 26.Qxf2 Bxb2 27.Rb1 Be5 28.Re1 Bg7 29.Qxa7 Qh5
30.Qf2 e5 31.Bc3 f4 32.Rb1 Qh3 33.Qe2 f3 34.Qf2 Qf5 35.Rd1 Ra8 36.Qb6 Rg8
37.Qe3 Rf8 38.Qf2 Rd8 39.Qb6 Rf8 40.Qf2 Rd8 41.Qb6 Rf8  1/2-1/2

[Event "POL-ch"]
[Site "Polanica Zdroj"]
[Date "1999.04.26"]
[Round "4"]
[White "Macieja, Bartlomiej"]
[Black "Kuczynski, Robert"]
[Result "1/2-1/2"]
[WhiteElo "2553"]
[BlackElo "2430"]

1.e4 c5 2.Nc3 Nc6 3.Nf3 g6 4.d4 cxd4 5.Nxd4 Bg7 6.Be3 Nf6 7.Bc4 O-O 8.Bb3 a5
9.a4 Ng4 10.Qxg4 Nxd4 11.Qh4 d6 12.Nd5 Re8 13.Bg5 Bf8 14.O-O Nxb3 15.cxb3 Be6
16.Rac1 Bxd5 17.exd5 Qd7 18.Qh3  1/2-1/2

[Event "Dubai op"]
[Site "Dubai"]
[Date "1999.05.01"]
[Round "1"]
[White "Iuldachev, Saidali"]
[Black "Tareq, H Omran"]
[Result "1-0"]
[WhiteElo "2517"]
[BlackElo "2171"]

1.e4 c5 2.Nf3 Nc6 3.Nc3 g6 4.d4 cxd4 5.Nxd4 Bg7 6.Nb3 Nf6 7.Bc4 O-O 8.O-O d6
9.Re1 a6 10.Bf1 Bg4 11.f3 Be6 12.Nd5 Re8 13.c3 Rc8 14.Kh1 Bxd5 15.exd5 Na5
16.a4 Nc4 17.a5 Qd7 18.Ra2 Rc7 19.Nd2 Nxd2 20.Qxd2 Qf5 21.c4 Nd7 22.Ra3 Ne5
23.b3 Bf6 24.f4 Nd7 25.b4 Rec8 26.Bd3 Qg4 27.Ra2 Bh4 28.Rf1 Bf6 29.Rc2 Qh4
30.Qe2 Re8 31.Be3 e5 32.dxe6 Rxe6 33.Qf3 Qh6 34.Be4  1-0

[Event "Dubai op"]
[Site "Dubai"]
[Date "1999.05.03"]
[Round "3"]
[White "Al Modiahki, Mohamad"]
[Black "Gadjilu, Rauf"]
[Result "0-1"]
[WhiteElo "2530"]
[BlackElo "2432"]

1.e4 c5 2.Nc3 Nc6 3.Nf3 Nf6 4.Bb5 Qc7 5.O-O Nd4 6.Re1 a6 7.e5 Nxb5 8.exf6 Nxc3
9.fxg7 Bxg7 10.dxc3 d6 11.Qd5 h6 12.Nh4 Bf6 13.Qh5 Bxh4 14.Qxh4 Be6 15.f4 Rg8
16.Re2 O-O-O 17.Bd2 Rg4 18.Qxh6 Rdg8 19.Be1 Bf5 20.c4 f6 21.h3 R4g6 22.Qh5 e6
23.Qf3 Qh7 24.Kf1 Rxg2 25.Rxg2 Rxg2 26.h4 Rxc2 27.Rd1 Rxc4 28.Rxd6 Qc7 29.b3 Re4
30.Qd1 Rxf4+ 31.Bf2 Bh3+  0-1

[Event "Dubai op"]
[Site "Dubai"]
[Date "1999.05.05"]
[Round "5"]
[White "Al Modiahki, Mohamad"]
[Black "Mamedov, Nidjat"]
[Result "0-1"]
[WhiteElo "2530"]
[BlackElo "2255"]

1.e4 c5 2.Nf3 Nc6 3.Nc3 d6 4.d4 cxd4 5.Nxd4 Nf6 6.g3 g6 7.Nde2 Bg7 8.Bg2 O-O
9.O-O a6 10.a4 Rb8 11.Nd5 b5 12.axb5 axb5 13.Bg5 Nd7 14.Qc1 Re8 15.Rd1 Nb6
16.h3 Bd7 17.Kh2 Rc8 18.Nxb6 Qxb6 19.Be3 Qb8 20.Nc3 Nb4 21.Rd2 Rc4 22.Bf1 Rc7
23.Ra3 Rec8 24.Rb3 Bxc3 25.bxc3 Na2 26.Qa1 Nxc3 27.e5 d5 28.Rd3 b4 29.Bf4 Be6
30.Qa5 Qa7 31.Qxa7 Rxa7 32.Rd4 Na2 33.Bd3 Kg7 34.g4 h6 35.Bd2 g5 36.Rb1 Ra3
37.Bxb4 Nxb4 38.Rdxb4 Ra5 39.Rb7 Kf8 40.Kg3 d4 41.R7b5 Ra3 42.Rb8 Ra8 43.R8b4 Rd8
44.h4 Ra5 45.hxg5 hxg5 46.Rh1 Kg8 47.f4 gxf4+ 48.Kxf4 Raa8 49.Bh7+ Kg7 50.Bf5 Ra6
51.Bd3 Raa8 52.Rh7+ Kg8 53.Rb1 Bd5 54.Rg1 Ra3 55.Rh2 Kg7 56.Rh7+ Kg8 57.Rh5 e6
58.Kg5 Kg7 59.Rf1 Rg8 60.Rh7+ Kf8+ 61.Kh6 Ra7 62.g5 Ke8 63.g6 Kd8 64.Rfxf7 Ra1
65.Rd7+ Kc8 66.Ra7 Rh1+ 67.Kg5 Rg1+ 68.Kf6 Rf1+ 69.Ke7 Rg1 70.Kd6 Kb8 71.Rag7 Rd8+
72.Rd7 Rg8 73.Rhf7 Rc8 74.g7 Bc6 75.Ra7 Be8 76.Rfe7 Rc6+  0-1

[Event "Tel Aviv super 1st"]
[Site "Tel Aviv "]
[Date "1999.05.11"]
[Round "1"]
[White "Sutovskij, Emil"]
[Black "Avrukh, Boris"]
[Result "1-0"]
[WhiteElo "2612"]
[BlackElo "2609"]

1.e4 c5 2.Nc3 Nc6 3.Nf3 d6 4.d4 cxd4 5.Nxd4 Nf6 6.Bg5 e6 7.Qd2 Qb6 8.Nb3 Be7
9.Bxf6 gxf6 10.Be2 Bd7 11.O-O Ne5 12.a4 O-O 13.a5 Qc7 14.f4 Nc4 15.Bxc4 Qxc4
16.f5 Kh8 17.e5 Qc6 18.exd6 Bxd6 19.Rad1 Bc5+ 20.Kh1 Be8 21.Nxc5 Qxc5 22.Ne4 Qe5
23.Qh6 Rg8 24.Nxf6 Rg7 25.Nxh7  1-0

[Event "Tel Aviv super 1st"]
[Site "Tel Aviv "]
[Date "1999.05.12"]
[Round "2"]
[White "Liss, Eran"]
[Black "Sutovskij, Emil"]
[Result "1-0"]
[WhiteElo "2513"]
[BlackElo "2612"]

1.e4 c5 2.Nf3 Nc6 3.Nc3 g6 4.d4 cxd4 5.Nxd4 Bg7 6.Be3 Nf6 7.Bc4 O-O 8.Bb3 a5
9.f3 d5 10.Bxd5 Nxd5 11.exd5 Nb4 12.Nde2 Bf5 13.Rc1 b5 14.a3 Nxc2+ 15.Rxc2 Bxc2
16.Qxc2 b4 17.Na4 Qxd5 18.Nb6 Qe6 19.Kf2 Rab8 20.Qc5 Rfd8 21.Re1 Rd6 22.Nf4 Qa2
23.Nc8 Rd7 24.Re2 Bf8 25.Nb6 Rdd8 26.a4 e6 27.Qxa5 Qb1 28.Qe5 Bg7 29.Qc7 Qh1
30.Nxe6 Bf6 31.Bg5 Bxg5 32.Nxg5 Rf8 33.Re1  1-0

[Event "Capablanca mem Mixto"]
[Site "Havana"]
[Date "1999.05.13"]
[Round "6"]
[White "Sosa, Luis"]
[Black "Pazos, Plinio"]
[Result "0-1"]
[WhiteElo "2254"]
[BlackElo "2366"]

1.e4 c5 2.Nc3 Nc6 3.Nf3 Nf6 4.e5 Ng4 5.Qe2 Qc7 6.d4 cxd4 7.Nb5 Qb6 8.h3 d3
9.cxd3 Ngxe5 10.Nxe5 Qxb5 11.Nc4 e6 12.d4 Bb4+ 13.Bd2 Bxd2+ 14.Qxd2 Qb4 15.d5 exd5
16.Ne3 d4 17.Nf5 O-O 18.Qxb4 Nxb4 19.Kd2 d5 20.Nxd4 Be6 21.a3 Nc6 22.Nxc6 bxc6
23.Rc1 Rfb8 24.b4 a5 25.bxa5 Rxa5 26.Rxc6 Rxa3 27.Bd3 Rb2+ 28.Bc2 Bf5 29.g4 Rxc2+
30.Rxc2 Bxc2 31.Rc1 Ra2 32.Rxc2 Rxc2+ 33.Kxc2 Kf8 34.Kd3 Ke7 35.Kd4 Kd6 36.f4 f6
37.h4 g6  0-1

[Event "Zalakaros Kupa 18th"]
[Site "Zalakaros"]
[Date "1999.05.14"]
[Round "3"]
[White "Toth, Andras"]
[Black "Preisz, Balasz"]
[Result "1-0"]
[WhiteElo "2301"]
[BlackElo "2107"]

1.e4 c5 2.Nf3 Nc6 3.Nc3 g6 4.Bb5 Bg7 5.Bxc6 bxc6 6.O-O d6 7.d3 e6 8.Re1 e5
9.Nd2 Be6 10.Nc4 Ne7 11.f4 f6 12.fxe5 fxe5 13.Rf1 Bf7 14.Qg4 O-O 15.Qh4 Bxc4
16.Rxf8+ Qxf8 17.Bg5 Be6 18.Bxe7 Qb8 19.b3 Qc7 20.Bg5 Rf8 21.Rf1 Rxf1+ 22.Kxf1 Qd7
23.h3 d5 24.Bd8 c4 25.Qe7 cxd3 26.cxd3 Qxe7 27.Bxe7 d4 28.Na4 Bf8 29.Bh4 Kf7
30.Ke2 Ba3 31.Kd2 Bc8 32.Kc2 Ba6 33.Bd8 Bb5 34.Bc7 Bxa4 35.bxa4 Ke6 36.Bb8 Bc5
37.Kb3 Bb6 38.a5 Bxa5 39.Bxa7 Bc7 40.Kb4 Kf6 41.Kc5 Kg5 42.Kxc6 Kf4 43.Kxc7 Ke3
44.Kd6  1-0

[Event "Santo Antonio"]
[Site "Santo Antonio"]
[Date "1999.05.17"]
[Round "3"]
[White "Hamdouchi, Hichem"]
[Black "Pinheiro, Jose"]
[Result "1-0"]
[WhiteElo "2564"]
[BlackElo "2272"]

1.e4 c5 2.Nf3 Nc6 3.Nc3 g6 4.h4 h6 5.d4 cxd4 6.Nxd4 Bg7 7.Be3 Nf6 8.Nxc6 bxc6
9.e5 Nd5 10.Nxd5 cxd5 11.Qxd5 Rb8 12.O-O-O Bb7 13.Qc5 Rc8 14.Qa3 Qc7 15.Rd2 Qxe5
16.f4 Qc7 17.Bd3 Bf6 18.h5 gxh5 19.Rxh5 Bc6 20.Rf5 Rg8 21.Rxf6 exf6 22.Re2 Kd8
23.Bd2  1-0

[Event "BUL-ch"]
[Site "Plovdiv"]
[Date "1999.05.24"]
[Round "13"]
[White "Marholev, Dimitar"]
[Black "Popchev, Milko"]
[Result "0-1"]
[WhiteElo "2307"]
[BlackElo "2513"]

1.e4 c5 2.Nc3 Nc6 3.Bb5 Nd4 4.Bc4 e6 5.Nge2 Ne7 6.O-O Nec6 7.Ng3 a6 8.a3 b5
9.Ba2 h5 10.h3 g6 11.d3 Bg7 12.a4 d6 13.f4 Rb8 14.axb5 axb5 15.f5 Be5 16.fxe6 fxe6
17.Nge2 b4 18.Nb1 Qh4 19.Nd2 Nxe2+ 20.Qxe2 Qg3 21.Nf3 Nd4 22.Nxd4 Bxd4+ 23.Kh1 Be5
24.Kg1 Qh2+ 25.Kf2 O-O+ 26.Ke1 Bd7 27.Bh6 Rxf1+ 28.Qxf1 Bxb2  0-1

[Event "CRO-Cup"]
[Site "Pula"]
[Date "1999.05.24"]
[Round "1"]
[White "Bogut, Zeljko"]
[Black "Jankovic, Branimir"]
[Result "1-0"]
[WhiteElo "2364"]
[BlackElo "2208"]

1.e4 c5 2.Nf3 Nc6 3.Nc3 d6 4.d4 cxd4 5.Nxd4 Nf6 6.Be2 e5 7.Nf3 h6 8.O-O Be7
9.Re1 O-O 10.Bf1 Bg4 11.h3 Bh5 12.g4 Bg6 13.Bg2 Rc8 14.Nd2 Nd4 15.Nb3 Ne6
16.Be3 a6 17.a4 h5 18.g5 Nh7 19.h4 f6 20.Bh3 Nf4 21.Bxf4 Rxc3 22.bxc3 exf4
23.Nd4 fxg5 24.Ne6 Qe8 25.hxg5 Bxg5 26.Nxf8 Qxf8 27.Qd5+ Kh8 28.e5 dxe5 29.Rxe5 Bf6
30.Rxh5  1-0

[Event "Saint Vincent zt (Women)"]
[Site "Saint Vincent"]
[Date "1999.05.25"]
[Round "7"]
[White "Houska, Jovanka"]
[Black "Berend, Elvira S"]
[Result "1-0"]
[WhiteElo "2286"]
[BlackElo "2340"]

1.e4 c5 2.Nc3 Nc6 3.Bb5 Nd4 4.Bc4 g6 5.Nce2 Bg7 6.Nxd4 cxd4 7.d3 e6 8.Bb3 Ne7
9.f4 O-O 10.Nf3 d5 11.O-O dxe4 12.dxe4 Qb6 13.Kh1 Bd7 14.Ne5 Rad8 15.Bd2 Bb5
16.Nd3 Qc7 17.Qe1 Bc4 18.Bb4 Rfe8 19.Rf2 b6 20.Ne5 Bxb3 21.axb3 a5 22.Bxe7 Rxe7
23.Nd3 Qc6 24.Ra4 Ra7 25.h3 Qa8 26.b4 Qc6 27.b3 Rda8 28.Kh2 axb4 29.Rxb4 b5
30.Ne5 Bxe5 31.fxe5 Qc5 32.Qd2 Qxe5+ 33.g3 Qxe4 34.Rxd4 Qe5 35.Re2 Qc7 36.Qd3 Rb8
37.Rd2 Kg7 38.Qe3 Kg8 39.Qg5 e5 40.Rd5 Re8 41.Qf6 Qc3 42.R5d3 Qb4 43.Rd8 Re7
44.R2d7  1-0